Normal view
MARC view
- Severin, Werner J.
Entry Personal Name
001 - CONTROL NUMBER
- control field: 39638
003 - CONTROL NUMBER IDENTIFIER
- control field: OSt
005 - DATE AND TIME OF LATEST TRANSACTION
- control field: 20160322144715.0
008 - FIXED-LENGTH DATA ELEMENTS
- fixed length control field: 160322|| aca||aabn | a|a d
040 ## - CATALOGING SOURCE
- Original cataloging agency: OSt
100 10 - HEADING--PERSONAL NAME
- Personal name: Severin, Werner J.
- Fuller form of name: (Werner Joseph)
400 10 - SEE FROM TRACING--PERSONAL NAME
- Personal name: Severin, Werner Joseph